| 000 | 00382nam a22001457a 4500 | ||
|---|---|---|---|
| 020 | _a978-3-938947-12-8 | ||
| 082 | _a617.672,I08M | ||
| 100 | _aMORTAN,D | ||
| 245 | _aITI TREATMENT GUIDE:LOADING PROTOCOLS IN IMPLANT DENTISTRY PARTIALLY DENTATE PATIENTS. | ||
| 250 | _a1ST | ||
| 260 |
_aBERLIN _bQUINTESSENCE _c2008 |
||
| 300 | _a168 | ||
| 650 | _aPROSTHODONTICS | ||
| 942 |
_2ddc _cBK |
||
| 999 |
_c9940 _d9940 |
||